| 000 | 01503nam a2200253 a 4500 | ||
|---|---|---|---|
| 001 | BRCA_8981 | ||
| 005 | 20190320210500.0 | ||
| 008 | 100717s1755----sp-#######---#000-0#spa-# | ||
| 041 | _aspa | ||
| 044 | _asp | ||
| 084 |
_aBE92 _b.C56 1755 |
||
| 100 | 1 |
_aChoisy, François Timoléon, Abad de _d1644 - 1724 _922246 |
|
| 245 | 1 | 0 |
_aHistoria general de la iglesia, desde su fundación, hasta este presente siglo, _cescrita en idioma francés por el señor Abad de Choysi, de la Academia Francesa; y traducida en Castellano por Don Estevan Gazan. |
| 260 |
_aMadrid _bEn la Imprenta de Antonio Perez de Soto _c1755 |
||
| 300 |
_a488 p. (t.8) _c21 x 15 cm |
||
| 500 | _aCon privilegio | ||
| 500 | _aEn portada: Contiene todos los sucesos memorables acaecidos en la serie de los siglos: Todos los Concilios, la Succession de los Sumos Pontifices, de los Emperadores de ambos Imperios, de Oriente, y Occidente: Los Varones Ilustres, que florecieron: Sus Obras: Los Heresiarcas, las Persecuciones de la Iglesia: Escritos de los Santos Padres: Los tormentos de todos los Martyres de la Christyandad: Sacado de la Escritura Sagrada, de la Tradicion, y de los mas verídicos Historiadores | ||
| 500 | _aEn portada: Dedicada a la Sagrada Religión de la Compañía de Jesús | ||
| 500 | _aEstado físico: presenta encuadernación en pergamino con cintas rotas | ||
| 650 | 1 | 4 |
_aHistoria eclesiástica _yObras anteriores a 1800 _922247 |
| 700 | 1 |
_aGazan, Estevan _etr. _922296 |
|
| 902 | _aCFM | ||
| 942 |
_2lcc _cB |
||
| 999 |
_c8632 _d8632 |
||